000 00990nam a22001937a 4500
003 NALT
005 20240618105705.0
008 s2549 th tha d
040 _aNALT
041 _atha
090 _aอศ
_bค949อ 2549
245 1 0 _aอนุสรณ์พิธีพระราชทานเพลิงศพ นายแคล้ว นรปติ ณ เมรุวัดหนองแวง (พระอารามหลวง) ถ.กลางเมือง อ.เมือง จ.ขอนแก่น วันพุธที่ 12 เมษายน พ.ศ. 2549 เวลา 16.00 น.
260 3 _aขอนแก่น :
_bขอนแก่นการพิมพ์,
_c2549
300 _a23 หน้า :
_bภาพประกอบ ;
_c21 ซม.
650 0 4 _aแคล้ว นรปติ -- ชีวประวัติ
850 _aNALT
856 4 0 _uhttps://dl.parliament.go.th/handle/lirt/586275
942 _cCRE
_2lcc
999 _c49804
_d49804
998 _j1020
_k จำเรียง ระวังสำโรง